[Event "37. Copenhagen Open (Politiken Cup)"]
[Site "Elsinore"]
[Date "2015.07.29"]
[Round "6"]
[White "Szumniak, Jedrzej"]
[Black "Smith, Thijmen"]
[Result "1/2-1/2"]
[WhiteElo "1975"]
[BlackElo "2252"]
[PlyCount "68"]
[EventDate "2015.07.25"]
[EventType "swiss"]
[EventRounds "10"]
[EventCountry "DEN"]
[Source "ChessBase"]
[SourceDate "2015.09.14"]

1. d4 d5 2. c4 e6 3. Nc3 Nf6 4. cxd5 exd5 5. Bg5 Be7 6. Qc2 O-O 7. e3 h6 8. Bh4
b6 9. Bxf6 Bxf6 10. b4 c5 11. bxc5 bxc5 12. dxc5 Nc6 13. Rc1 Qa5 14. Qd2 Bf5
15. Nf3 Rad8 16. Nd4 Nxd4 17. exd4 Rfe8+ 18. Be2 Bg4 19. h3 Bg5 20. f4 Bxf4 21.
Qxf4 Bxe2 22. Kf2 Bc4 23. a4 Re6 24. Kg3 Rf6 25. Qe5 Re6 26. Qf4 g5 27. Qf3
Rde8 28. Nxd5 Bxd5 29. Qxd5 Qc7+ 30. Kf2 Re2+ 31. Kg1 Qg3 32. Rf1 Re1 33. Qxf7+
Kh8 34. Qf6+ Kh7 1/2-1/2

[Event "37. Copenhagen Open (Politiken Cup)"]
[Site "Elsinore"]
[Date "2015.07.29"]
[Round "6"]
[White "Tan, Justin2"]
[Black "Pedersen, Hans Buus"]
[Result "1-0"]
[WhiteElo "2417"]
[BlackElo "2158"]
[PlyCount "75"]
[EventDate "2015.07.25"]
[EventType "swiss"]
[EventRounds "10"]
[EventCountry "DEN"]
[Source "ChessBase"]
[SourceDate "2015.09.14"]

1. e4 c5 2. Nf3 Nc6 3. d4 cxd4 4. Nxd4 Nf6 5. Nc3 e6 6. Ndb5 Bb4 7. a3 Bxc3+ 8.
Nxc3 d5 9. exd5 exd5 10. Bd3 O-O 11. O-O d4 12. Ne2 Qb6 13. b4 Bg4 14. f3 Be6
15. Nf4 Bd7 16. Kh1 Ne5 17. Be2 Rfd8 18. Bb2 Bf5 19. g4 Ng6 20. Ng2 Be6 21. Qd2
Ne5 22. Rfd1 Nc4 23. Bxc4 Bxc4 24. Bxd4 Qc6 25. Qf2 Bd5 26. b5 Qxb5 27. Bxf6
gxf6 28. Nf4 Qc4 29. Nh5 Qc3 30. Kg2 Rac8 31. Rac1 Rc4 32. h3 Rd6 33. Rd3 Qb2
34. Qe3 Rxc2+ 35. Rxc2 Qxc2+ 36. Kg3 Re6 37. Qh6 Qc7+ 38. Kh4 1-0

[Event "37. Copenhagen Open (Politiken Cup)"]
[Site "Elsinore"]
[Date "2015.07.29"]
[Round "6"]
[White "Tandrup, Michael"]
[Black "Myhre, Mads Wollan"]
[Result "1-0"]
[WhiteElo "1960"]
[BlackElo "1686"]
[PlyCount "79"]
[EventDate "2015.07.25"]
[EventType "swiss"]
[EventRounds "10"]
[EventCountry "DEN"]
[Source "ChessBase"]
[SourceDate "2015.09.14"]

1. d4 d5 2. Nf3 Nf6 3. e3 Bf5 4. b3 e6 5. Bb2 Nbd7 6. Be2 Bd6 7. O-O c6 8. Nbd2
O-O 9. c4 Re8 10. Ne5 Qc7 11. f4 Ne4 12. g4 Nxd2 13. Qxd2 Be4 14. g5 Nxe5 15.
fxe5 Bf8 16. Bh5 g6 17. Bf3 Bf5 18. h4 Qe7 19. c5 h6 20. Qg2 h5 21. e4 dxe4 22.
Bxe4 Rad8 23. Rad1 Rd7 24. Qe2 Red8 25. Bxf5 exf5 26. Qc4 Qe6 27. Qxe6 fxe6 28.
Rc1 Rd5 29. Rc4 R8d7 30. a4 Be7 31. Bc3 Bd8 32. b4 a6 33. Rb1 Kf7 34. b5 axb5
35. axb5 Rc7 36. Ra4 Rdd7 37. Ra8 Be7 38. b6 Rd8 39. Rxd8 Bxd8 40. bxc7 1-0

[Event "37. Copenhagen Open (Politiken Cup)"]
[Site "Elsinore"]
[Date "2015.07.29"]
[Round "6"]
[White "Thogersen, Rasmus"]
[Black "Machlik, Jon"]
[Result "1-0"]
[WhiteElo "2192"]
[BlackElo "1973"]
[PlyCount "51"]
[EventDate "2015.07.25"]
[EventType "swiss"]
[EventRounds "10"]
[EventCountry "DEN"]
[Source "ChessBase"]
[SourceDate "2015.09.14"]

1. d4 f5 2. Bg5 g6 3. Nc3 Bg7 4. h4 h6 5. Bf4 Nf6 6. e3 O-O 7. Bd3 d6 8. Qf3 c6
9. Nge2 Qe8 10. O-O-O e5 11. dxe5 dxe5 12. Bc4+ Be6 13. Bxe6+ Qxe6 14. Bh2 Na6
15. Qg3 Ng4 16. Bg1 Rad8 17. Rxd8 Rxd8 18. f3 Qd6 19. a3 Qd2+ 20. Kb1 Nxe3 21.
Bxe3 Qxe3 22. Qxg6 Rf8 23. Rd1 Nb8 24. Ng3 Qb6 25. Nxf5 Qc7 26. Ne4 1-0

[Event "37. Copenhagen Open (Politiken Cup)"]
[Site "Elsinore"]
[Date "2015.07.29"]
[Round "6"]
[White "Thomsen, Kim"]
[Black "Hansen, Tommy"]
[Result "1-0"]
[WhiteElo "1997"]
[BlackElo "1837"]
[PlyCount "63"]
[EventDate "2015.07.25"]
[EventType "swiss"]
[EventRounds "10"]
[EventCountry "DEN"]
[Source "ChessBase"]
[SourceDate "2015.09.14"]

1. d4 Nf6 2. c4 c5 3. d5 b5 4. cxb5 a6 5. bxa6 g6 6. Nc3 Bxa6 7. Nf3 d6 8. e4
Bxf1 9. Kxf1 Nbd7 10. g3 Bg7 11. Kg2 O-O 12. Re1 Qb6 13. Re2 Rfb8 14. Rc2 Qb4
15. Nd2 Ne5 16. Qe2 c4 17. a3 Qc5 18. Nd1 Rc8 19. f4 Neg4 20. h3 Nh6 21. g4
Nxd5 22. exd5 Qxd5+ 23. Qf3 Qa5 24. Ne3 c3 25. b4 cxd2 26. bxa5 Rxc2 27. Nxc2
Rc8 28. Bxd2 Rxc2 29. Qa8+ Bf8 30. Qd5 Bg7 31. Rb1 Bc3 32. Rd1 1-0

[Event "37. Copenhagen Open (Politiken Cup)"]
[Site "Elsinore"]
[Date "2015.07.29"]
[Round "6"]
[White "Thorsbro, Peter"]
[Black "Alquist, Erik"]
[Result "1-0"]
[WhiteElo "2216"]
[BlackElo "2061"]
[PlyCount "65"]
[EventDate "2015.07.25"]
[EventType "swiss"]
[EventRounds "10"]
[EventCountry "DEN"]
[Source "ChessBase"]
[SourceDate "2015.09.14"]

1. d4 Nf6 2. c4 g6 3. Nc3 Bg7 4. e4 d6 5. Be2 O-O 6. Nf3 e5 7. Be3 exd4 8. Nxd4
Re8 9. f3 c6 10. Nc2 d5 11. cxd5 cxd5 12. O-O dxe4 13. Qxd8 Rxd8 14. fxe4 Re8
15. Rad1 Nc6 16. Nd5 Nxd5 17. exd5 Ne5 18. Rd2 Bd7 19. h3 a6 20. Bf4 Rac8 21.
b3 Bf8 22. d6 Rc6 23. Rfd1 f6 24. Ne3 Kg7 25. Nc4 Re6 26. Bxe5 Rxc4 27. Bxf6+
Rxf6 28. Bxc4 b5 29. Be2 Kf7 30. Rf1 Bh6 31. Rxf6+ Kxf6 32. Rd3 Bf5 33. d7 1-0

[Event "37. Copenhagen Open (Politiken Cup)"]
[Site "Elsinore"]
[Date "2015.07.29"]
[Round "6"]
[White "Thuesen, Mogens Henrik"]
[Black "Frisk, Hans"]
[Result "1-0"]
[WhiteElo "2158"]
[BlackElo "2013"]
[PlyCount "81"]
[EventDate "2015.07.25"]
[EventType "swiss"]
[EventRounds "10"]
[EventCountry "DEN"]
[Source "ChessBase"]
[SourceDate "2015.09.14"]

1. d4 d5 2. Nf3 c5 3. g3 Nf6 4. Bg2 e6 5. O-O Be7 6. a3 O-O 7. dxc5 Bxc5 8. c4
a5 9. Nc3 dxc4 10. Qa4 Bd7 11. Qxc4 Qe7 12. e4 Rc8 13. Qe2 e5 14. Bg5 Qe6 15.
Nd5 Ne8 16. Rac1 h6 17. Be3 Na6 18. Nh4 Nd6 19. Nf5 Bb5 20. Qg4 Ne8 21. Bxh6
Bf8 22. Rxc8 Rxc8 23. Nfe7+ Bxe7 24. Qxe6 fxe6 25. Nxe7+ Kf7 26. Nxc8 Bxf1 27.
Bxf1 gxh6 28. Bxa6 bxa6 29. f3 Kf6 30. Kf2 Nc7 31. a4 Ne8 32. Ke3 Kg5 33. b3
Nf6 34. Nd6 Nd7 35. Kd3 Kf6 36. Nb7 Ke7 37. Kc4 Nb6+ 38. Kc5 Nd7+ 39. Kc6 Nb8+
40. Kb6 Kd7 41. Nxa5 1-0

[Event "37. Copenhagen Open (Politiken Cup)"]
[Site "Elsinore"]
[Date "2015.07.29"]
[Round "6"]
[White "Thybo, Thomas Sondergaard"]
[Black "Jensen, Thore Nyboe"]
[Result "0-1"]
[WhiteElo "1831"]
[BlackElo "2008"]
[PlyCount "62"]
[EventDate "2015.07.25"]
[EventType "swiss"]
[EventRounds "10"]
[EventCountry "DEN"]
[Source "ChessBase"]
[SourceDate "2015.09.14"]

1. e4 e6 2. d4 d5 3. Nc3 Nf6 4. e5 Nfd7 5. f4 c5 6. Nf3 Nc6 7. Ne2 b6 8. Ng3
cxd4 9. Bb5 Bb7 10. f5 Bb4+ 11. Bd2 Qe7 12. O-O Bxd2 13. Qxd2 O-O-O 14. Bxc6
Bxc6 15. Nxd4 Bb7 16. Rae1 Kb8 17. Kh1 h5 18. Re3 h4 19. Nge2 Nc5 20. Nf4 Ne4
21. Qd1 exf5 22. e6 g6 23. Nd3 Qg5 24. Rh3 f6 25. Nb4 Rd6 26. g3 Qe3 27. Rxh4
Rxh4 28. gxh4 Nf2+ 29. Rxf2 Qxf2 30. Qd3 Rxe6 31. Nxe6 d4+ 0-1

[Event "37. Copenhagen Open (Politiken Cup)"]
[Site "Elsinore"]
[Date "2015.07.29"]
[Round "6"]
[White "Tolba, Henri"]
[Black "Vestjord, Harald Christian"]
[Result "1-0"]
[WhiteElo "1739"]
[BlackElo "1473"]
[PlyCount "95"]
[EventDate "2015.07.25"]
[EventType "swiss"]
[EventRounds "10"]
[EventCountry "DEN"]
[Source "ChessBase"]
[SourceDate "2015.09.14"]

1. d4 d5 2. Nf3 Nf6 3. c4 c6 4. cxd5 cxd5 5. Nc3 e6 6. a3 Nbd7 7. Bf4 a6 8. Qa4
Nh5 9. Bg3 Nxg3 10. hxg3 Rb8 11. Qc2 b5 12. b4 Nb6 13. e3 Bd7 14. Ne5 Rc8 15.
Nd3 a5 16. Nc5 axb4 17. axb4 Nc4 18. Bxc4 bxc4 19. O-O h5 20. Ra7 Rc7 21. Rfa1
Be7 22. Nxd7 Qxd7 23. Rxc7 Qxc7 24. Nb5 Qd7 25. Ra8+ Bd8 26. Qa4 O-O 27. Ra7
Qc6 28. Ra6 Qd7 29. Kf1 Qb7 30. Nd6 Qb8 31. Nb5 Bb6 32. Ke2 Rc8 33. Nc3 Kf8 34.
Kd2 Ke7 35. Qb5 Bc7 36. Qa4 Bd6 37. Nb5 Bc7 38. Na7 Bxg3 39. Nxc8+ Qxc8 40.
fxg3 c3+ 41. Kc2 Qc4 42. b5 Qe2+ 43. Kxc3 Qxe3+ 44. Kb4 Qxg3 45. Kc5 Qc3+ 46.
Kb6 Qc8 47. Ra8 Qc3 48. Qa3+ 1-0

[Event "37. Copenhagen Open (Politiken Cup)"]
[Site "Elsinore"]
[Date "2015.07.29"]
[Round "6"]
[White "Van den Boogaart, Jan Maarten"]
[Black "Fossan, Andreas"]
[Result "1/2-1/2"]
[WhiteElo "2024"]
[BlackElo "1840"]
[PlyCount "51"]
[EventDate "2015.07.25"]
[EventType "swiss"]
[EventRounds "10"]
[EventCountry "DEN"]
[Source "ChessBase"]
[SourceDate "2015.09.14"]

1. e4 c6 2. d4 d5 3. e5 c5 4. Nf3 Nc6 5. c3 Bg4 6. Be2 e6 7. Be3 cxd4 8. cxd4
Nge7 9. Na3 Nf5 10. Nc2 Be7 11. h3 Bxf3 12. Bxf3 O-O 13. O-O Qb6 14. Qd2 Rac8
15. b3 Rc7 16. Be2 Rfc8 17. Bd3 Nxe3 18. fxe3 Nb4 19. Nxb4 Bxb4 20. Qe2 Bc3 21.
Rad1 Qb4 22. Rf4 Rf8 23. Rdf1 Bd2 24. R4f2 Bc3 25. Kh2 Qe7 26. Rf4 1/2-1/2

[Event "37. Copenhagen Open (Politiken Cup)"]
[Site "Elsinore"]
[Date "2015.07.29"]
[Round "6"]
[White "Vatnestrom, Leo Andreas Giske"]
[Black "Sorensen, Dick"]
[Result "1/2-1/2"]
[WhiteElo "1628"]
[BlackElo "1911"]
[PlyCount "89"]
[EventDate "2015.07.25"]
[EventType "swiss"]
[EventRounds "10"]
[EventCountry "DEN"]
[Source "ChessBase"]
[SourceDate "2015.09.14"]

1. d4 d5 2. c4 e6 3. Nc3 f5 4. Nf3 c6 5. cxd5 exd5 6. Bf4 Nf6 7. e3 Bd6 8. Bxd6
Qxd6 9. Bd3 O-O 10. O-O Ne4 11. Qb3 Kh8 12. Ne2 Nd7 13. Qa3 Qxa3 14. bxa3 b6
15. Rac1 Bb7 16. Nf4 Rac8 17. Rc2 a6 18. Rb1 b5 19. Rbc1 Rce8 20. h4 Nd6 21.
Kh2 Nc4 22. Bxc4 dxc4 23. Rd2 Rf6 24. Rcd1 g6 25. d5 c5 26. Rb1 Rd6 27. Ng5 Ne5
28. Rbd1 a5 29. Nfe6 c3 30. Rc2 h6 31. Nf3 Nxf3+ 32. gxf3 Rexe6 33. dxe6 Rxd1
34. e7 Bc6 35. Rxc3 c4 36. a4 Kg7 37. axb5 Bxb5 38. Rxc4 Kf7 39. Rc5 Rb1 40. a4
Bxa4 41. Rxa5 Be8 42. h5 Kxe7 43. hxg6 Bxg6 44. e4 f4 45. Ra6 1/2-1/2

[Event "37. Copenhagen Open (Politiken Cup)"]
[Site "Elsinore"]
[Date "2015.07.29"]
[Round "6"]
[White "Verstraeten, Reinaert"]
[Black "Stray, Gunnar"]
[Result "1-0"]
[WhiteElo "2312"]
[BlackElo "2075"]
[PlyCount "151"]
[EventDate "2015.07.25"]
[EventType "swiss"]
[EventRounds "10"]
[EventCountry "DEN"]
[Source "ChessBase"]
[SourceDate "2015.09.14"]

1. d4 f5 2. c4 Nf6 3. Nf3 e6 4. Nc3 Bb4 5. Qc2 O-O 6. g3 c5 7. Bg2 cxd4 8. Nxd4
Nc6 9. Nb3 b6 10. O-O Ba6 11. c5 Rc8 12. cxb6 axb6 13. a3 Bxc3 14. bxc3 d5 15.
Rd1 Qe7 16. Be3 Nd7 17. Nd4 Kh8 18. Rab1 Na5 19. Rb4 Nc4 20. Bg5 Nf6 21. Qb3 h6
22. Bxf6 Rxf6 23. Ra4 Bb7 24. Ra7 Rc7 25. Qb4 Qd8 26. Nb5 Qb8 27. Nxc7 Qxa7 28.
Ne8 Rf7 29. Nd6 Nxd6 30. Qxd6 Qa4 31. Rb1 Qc2 32. Rxb6 Qc1+ 33. Bf1 Qxc3 34.
Qxe6 Rc7 35. Qxf5 d4 36. Re6 Rc8 37. Qe5 d3 38. Qxc3 Rxc3 39. exd3 Rxa3 40. Re1
Bf3 41. h4 Ra2 42. Bg2 Be2 43. Bf1 Bf3 44. Re3 Bd5 45. Bg2 Ra1+ 46. Kh2 Bf7 47.
Re7 Bb3 48. Be4 Kg8 49. d4 Ra2 50. Kg2 Ra4 51. Rd7 Be6 52. Rd8+ Kf7 53. Bc6 Ra7
54. Ra8 Rc7 55. d5 Bf5 56. Kf3 g5 57. Rb8 Kf6 58. Rf8+ Ke5 59. Ke3 Re7 60. f4+
gxf4+ 61. gxf4+ Kd6+ 62. Kf2 Bd3 63. Rf6+ Kc5 64. Rxh6 Ra7 65. h5 Be4 66. Re6
Kd4 67. h6 Ra2+ 68. Kg3 Rg2+ 69. Kh3 Rg1 70. Kh4 Bf3 71. f5 Rg4+ 72. Kh3 Rg1
73. Rg6 Rh1+ 74. Kg3 Bxd5 75. Bxd5 Kxd5 76. Re6 1-0

[Event "37. Copenhagen Open (Politiken Cup)"]
[Site "Elsinore"]
[Date "2015.07.29"]
[Round "6"]
[White "Vesterli, Michael E"]
[Black "Smeby, Ole"]
[Result "1-0"]
[WhiteElo "2067"]
[BlackElo "1895"]
[PlyCount "69"]
[EventDate "2015.07.25"]
[EventType "swiss"]
[EventRounds "10"]
[EventCountry "DEN"]
[Source "ChessBase"]
[SourceDate "2015.09.14"]

1. d4 Nf6 2. c4 e6 3. Nf3 d5 4. Nc3 Be7 5. Bg5 Nbd7 6. e3 O-O 7. Qc2 b6 8. cxd5
exd5 9. Bd3 Bb7 10. O-O c5 11. Rad1 a6 12. Bf5 Qc7 13. Ne5 Rfe8 14. Nxd7 Nxd7
15. Bxe7 Rxe7 16. dxc5 Qxc5 17. Bxh7+ Kh8 18. Bf5 Nf6 19. Rd4 Rc7 20. Qe2 Kg8
21. Rfd1 g6 22. Bc2 b5 23. Qf3 Kg7 24. Bb3 Rd8 25. a3 a5 26. g4 b4 27. axb4
axb4 28. g5 Nh7 29. Nxd5 Rcd7 30. h4 Rd6 31. e4 Nf8 32. Nxb4 f5 33. Rxd6 Rxd6
34. Rxd6 Qxd6 35. Qc3+ 1-0

[Event "37. Copenhagen Open (Politiken Cup)"]
[Site "Elsinore"]
[Date "2015.07.29"]
[Round "6"]
[White "Videbaek, Kurt"]
[Black "Andersen, Claus"]
[Result "0-1"]
[WhiteElo "1563"]
[BlackElo "1773"]
[PlyCount "64"]
[EventDate "2015.07.25"]
[EventType "swiss"]
[EventRounds "10"]
[EventCountry "DEN"]
[Source "ChessBase"]
[SourceDate "2015.09.14"]

1. d4 Nf6 2. Nf3 g6 3. c4 Bg7 4. Nc3 d5 5. e3 O-O 6. Be2 c5 7. O-O Nc6 8. dxc5
Qa5 9. Qb3 dxc4 10. Bxc4 Qxc5 11. Qb5 Qxb5 12. Bxb5 Nb4 13. Bd2 a6 14. Ba4 b5
15. Bd1 Nbd5 16. Rb1 Bf5 17. Rc1 Nb6 18. Bc2 Bxc2 19. Rxc2 Rac8 20. Rfc1 Rfd8
21. Ne2 Rxc2 22. Rxc2 Nc4 23. h3 Ne4 24. Bc3 Nxc3 25. bxc3 Rc8 26. a4 bxa4 27.
Ra2 a3 28. Nfd4 Rb8 29. Ra1 Rb2 30. Nc1 e5 31. Nd3 exd4 32. Nxb2 axb2 0-1

[Event "37. Copenhagen Open (Politiken Cup)"]
[Site "Elsinore"]
[Date "2015.07.29"]
[Round "6"]
[White "Vovk, Oksana"]
[Black "Weishaeutel, Moritz"]
[Result "1-0"]
[WhiteElo "2127"]
[BlackElo "1926"]
[PlyCount "83"]
[EventDate "2015.07.25"]
[EventType "swiss"]
[EventRounds "10"]
[EventCountry "DEN"]
[Source "ChessBase"]
[SourceDate "2015.09.14"]

1. d4 e6 2. c4 Nf6 3. Nf3 d5 4. Nc3 c6 5. e3 Nbd7 6. b3 Bb4 7. Bd2 Bxc3 8. Bxc3
Ne4 9. Bb2 Ndf6 10. Bd3 Qa5+ 11. Nd2 Nxd2 12. Qxd2 Qxd2+ 13. Kxd2 b6 14. f3 Bb7
15. e4 dxe4 16. fxe4 O-O-O 17. Rhf1 c5 18. d5 exd5 19. exd5 Rhg8 20. g3 Nxd5
21. cxd5 Rxd5 22. Kc3 Rxd3+ 23. Kxd3 Ba6+ 24. Kc2 Bxf1 25. Rxf1 f6 26. Re1 Kd7
27. Kd3 Rd8 28. Kc4 Kc6 29. Re6+ Kd7 30. Re2 Kc6 31. Kc3 b5 32. Re7 Rd7 33.
Rxd7 Kxd7 34. Kd3 Ke6 35. Ke4 h5 36. Bc3 b4 37. Bd2 g5 38. Be3 f5+ 39. Kd3 Kd5
40. Bxg5 a5 41. Bd8 a4 42. Be7 1-0

[Event "37. Copenhagen Open (Politiken Cup)"]
[Site "Elsinore"]
[Date "2015.07.29"]
[Round "6"]
[White "Vuilleumier, Alexandre"]
[Black "Lien, Kjell Hakon"]
[Result "0-1"]
[WhiteElo "2357"]
[BlackElo "2133"]
[PlyCount "62"]
[EventDate "2015.07.25"]
[EventType "swiss"]
[EventRounds "10"]
[EventCountry "DEN"]
[Source "ChessBase"]
[SourceDate "2015.09.14"]

1. e4 d5 2. exd5 Qxd5 3. Nc3 Qd6 4. d4 Nf6 5. Nf3 c6 6. Ne5 Nbd7 7. Nc4 Qc7 8.
g3 Nd5 9. Bg2 N7f6 10. Ne5 Bf5 11. O-O Nxc3 12. bxc3 e6 13. Rb1 Rb8 14. g4 Be4
15. f3 Bg6 16. f4 Be4 17. Bxe4 Nxe4 18. Qf3 f5 19. Qd3 Bd6 20. Qc4 Qe7 21. gxf5
exf5 22. Be3 Rf8 23. d5 Rf6 24. Kh1 Rh6 25. Rf3 Qh4 26. Qe2 Nxc3 27. Qg2 Nxb1
28. Bf2 Qh5 29. Re3 Bxe5 30. Rxe5+ Kf7 31. dxc6 bxc6 0-1

[Event "37. Copenhagen Open (Politiken Cup)"]
[Site "Elsinore"]
[Date "2015.07.29"]
[Round "6"]
[White "Yilmaz, Kazim"]
[Black "Rendlev, Niels Moller"]
[Result "1/2-1/2"]
[WhiteElo "1612"]
[BlackElo "1785"]
[PlyCount "105"]
[EventDate "2015.07.25"]
[EventType "swiss"]
[EventRounds "10"]
[EventCountry "DEN"]
[Source "ChessBase"]
[SourceDate "2015.09.14"]

1. Nf3 d5 2. d4 e6 3. c4 c6 4. cxd5 exd5 5. Nc3 f5 6. g3 Nf6 7. Bg2 Be7 8. O-O
O-O 9. Bf4 Ne4 10. h4 Nd7 11. a4 Ndf6 12. Qc2 Bd7 13. Ne5 Be8 14. Nxe4 fxe4 15.
f3 exf3 16. Bxf3 Nh5 17. Bxh5 Bxh5 18. Nf3 Bg6 19. Qb3 b6 20. e3 Bf6 21. Ne5
Bxe5 22. Bxe5 Qd7 23. Kh2 Qg4 24. Qd1 Qe4 25. Qd2 Bh5 26. Rf4 Rxf4 27. gxf4 Bg4
28. Rg1 h5 29. Rg3 Rc8 30. Qg2 Qf5 31. b4 Rd8 32. Qd2 Rd7 33. Qc3 Qe6 34. Rg2
Bf5 35. Rg1 Be4 36. Qe1 g6 37. Rg5 Kh7 38. Qc1 Rd8 39. a5 bxa5 40. bxa5 Rc8 41.
Qb2 Re8 42. Qb7+ Re7 43. Qb8 Qg8 44. Qb4 Qe8 45. Bd6 Rd7 46. Re5 Qd8 47. Be7
Qc8 48. Bg5 Rb7 49. Qxb7+ Qxb7 50. Re7+ Qxe7 51. Bxe7 Kg7 52. Bc5 a6 53. Kg3
1/2-1/2

[Event "37. Copenhagen Open (Politiken Cup)"]
[Site "Elsinore"]
[Date "2015.07.29"]
[Round "6"]
[White "Zakariassen, Tom"]
[Black "Skovgaard, Andreas"]
[Result "1/2-1/2"]
[WhiteElo "1798"]
[BlackElo "1649"]
[PlyCount "47"]
[EventDate "2015.07.25"]
[EventType "swiss"]
[EventRounds "10"]
[EventCountry "DEN"]
[Source "ChessBase"]
[SourceDate "2015.09.14"]

1. f4 e6 2. Nf3 b6 3. e3 Nf6 4. d4 Bb7 5. Bd3 c5 6. c3 Nc6 7. Nbd2 cxd4 8. exd4
Nd5 9. Nc4 b5 10. Nce5 d6 11. Nxc6 Bxc6 12. O-O Be7 13. Qe2 a6 14. f5 exf5 15.
Bxf5 O-O 16. Bd2 Re8 17. Qf2 Bf6 18. Bd3 Nb6 19. b3 Ra7 20. Rae1 Rxe1 21. Rxe1
Re7 22. Rxe7 Qxe7 23. Qe2 Qxe2 24. Bxe2 1/2-1/2

[Event "37. Copenhagen Open (Politiken Cup)"]
[Site "Elsinore"]
[Date "2015.07.29"]
[Round "6"]
[White "Zeier, Klaus"]
[Black "Hofmann, Rares"]
[Result "1-0"]
[WhiteElo "2229"]
[BlackElo "2065"]
[PlyCount "141"]
[EventDate "2015.07.25"]
[EventType "swiss"]
[EventRounds "10"]
[EventCountry "DEN"]
[Source "ChessBase"]
[SourceDate "2015.09.14"]

1. e4 c5 2. Nf3 d6 3. Bb5+ Nd7 4. d4 cxd4 5. Qxd4 a6 6. Bxd7+ Bxd7 7. c4 Nf6 8.
Nc3 e6 9. b3 Bc6 10. O-O Be7 11. Bb2 O-O 12. Qd3 Rc8 13. Nd4 Qb6 14. Rad1 Rfd8
15. Rfe1 Rc7 16. Qg3 Bd7 17. Nf5 exf5 18. Nd5 f4 19. Qg5 h6 20. Nxe7+ Kf8 21.
Nd5 hxg5 22. Nxb6 Rc6 23. c5 Be6 24. e5 Ne8 25. Na4 d5 26. Nc3 Kg8 27. b4 Rd7
28. Na4 Nc7 29. Nb6 Rd8 30. Rd2 Kh7 31. f3 Kg6 32. Rc1 Na8 33. Nxa8 Rxa8 34.
Bd4 b5 35. a4 Rb8 36. Ra1 Kf5 37. Bc3 Kg6 38. h3 Kf5 39. Kf2 Kg6 40. Ke2 Rb7
41. Kd3 bxa4 42. Rxa4 Bc8 43. Kd4 Rd7 44. Rb2 Re6 45. b5 axb5 46. Rxb5 Kf5 47.
Rb8 Ba6 48. Rb6 Bc8 49. Ra8 Rc7 50. Rbb8 Bd7 51. Rf8 Kg6 52. Ba5 Rb7 53. Rfb8
Bc6 54. Rxb7 Bxb7 55. Ra7 Bc6 56. Rc7 f6 57. exf6 gxf6 58. Rxc6 Rxc6 59. Kxd5
Rc8 60. c6 Kf7 61. Kd6 Ke8 62. c7 Ra8 63. Kc6 Rc8 64. Bb4 f5 65. Bd6 g4 66.
hxg4 fxg4 67. fxg4 Kf7 68. Kd7 Ra8 69. c8=Q Rxc8 70. Kxc8 Kg6 71. Bxf4 1-0

[Event "37. Copenhagen Open (Politiken Cup)"]
[Site "Elsinore"]
[Date "2015.07.29"]
[Round "6"]
[White "Zude, Erik"]
[Black "Dalsberg, Sandra de Blecourt"]
[Result "1-0"]
[WhiteElo "2398"]
[BlackElo "2157"]
[PlyCount "115"]
[EventDate "2015.07.25"]
[EventType "swiss"]
[EventRounds "10"]
[EventCountry "DEN"]
[Source "ChessBase"]
[SourceDate "2015.09.14"]

1. Nf3 d5 2. g3 Nf6 3. Bg2 e6 4. O-O Be7 5. c4 dxc4 6. Na3 Qd5 7. Qa4+ Bd7 8.
Qxc4 Bxa3 9. Qxd5 exd5 10. bxa3 Nc6 11. Bb2 O-O 12. Rfc1 Rfe8 13. e3 Rac8 14.
d3 b6 15. Bxf6 gxf6 16. Nd2 Ne7 17. d4 c6 18. Rc3 Nf5 19. Rac1 Nd6 20. a4 Kf8
21. Bf1 Ke7 22. a5 b5 23. Bd3 f5 24. Nb3 Nc4 25. Nc5 Be6 26. a6 Rb8 27. Rb3 Rb6
28. Rb4 Bc8 29. a4 bxa4 30. Rxa4 Nb2 31. Ra3 Nxd3 32. Rxd3 Kd6 33. Kg2 Re7 34.
Ra3 f6 35. Ra2 Rg7 36. Kf3 Kc7 37. Rc3 Rb5 38. Rb3 Kb6 39. Rbb2 h6 40. Ke2 Re7
41. Kd2 Rg7 42. Kc3 Re7 43. Rxb5+ cxb5 44. Kb4 Rc7 45. Ra5 Bd7 46. Nxd7+ Rxd7
47. Rxb5+ Kxa6 48. Rb8 Rb7+ 49. Rxb7 Kxb7 50. Kc5 Ka6 51. Kxd5 Kb5 52. Ke6 a5
53. d5 a4 54. d6 a3 55. d7 a2 56. d8=Q a1=Q 57. Qd5+ Kb4 58. Qd4+ 1-0

[Event "37. Copenhagen Open (Politiken Cup)"]
[Site "Elsinore"]
[Date "2015.07.30"]
[Round "7"]
[White "Aabling Thomsen, Jakob"]
[Black "Kunin, Vitaly L"]
[Result "0-1"]
[WhiteElo "2333"]
[BlackElo "2576"]
[PlyCount "70"]
[EventDate "2015.07.25"]
[EventType "swiss"]
[EventRounds "10"]
[EventCountry "DEN"]
[Source "ChessBase"]
[SourceDate "2015.09.14"]

1. e4 e6 2. Qe2 c5 3. Nf3 Nc6 4. g3 d6 5. Bg2 g6 6. O-O Bg7 7. c3 Nge7 8. Na3
O-O 9. Nc2 e5 10. Rd1 f5 11. d4 fxe4 12. Qxe4 cxd4 13. cxd4 d5 14. Qh4 e4 15.
Ne5 Qc7 16. Nxc6 Nf5 17. Ne7+ Qxe7 18. Qxe7 Nxe7 19. Bf4 Bg4 20. Rd2 Nc6 21.
Ne3 Be6 22. Rad1 Rad8 23. Bxe4 dxe4 24. d5 g5 25. Bxg5 Ne5 26. Bxd8 Rxd8 27.
Rc2 Bh3 28. Rc7 Nd3 29. Rxb7 Rf8 30. Rd2 Bd4 31. Re2 Bxe3 32. Rxe3 Rxf2 33.
Rb8+ Kg7 34. Re1 Rg2+ 35. Kh1 Nf2# 0-1

[Event "37. Copenhagen Open (Politiken Cup)"]
[Site "Elsinore"]
[Date "2015.07.30"]
[Round "7"]
[White "Aagaard, Jacob"]
[Black "Haldorsen, Benjamin"]
[Result "1/2-1/2"]
[WhiteElo "2506"]
[BlackElo "2302"]
[PlyCount "27"]
[EventDate "2015.07.25"]
[EventType "swiss"]
[EventRounds "10"]
[EventCountry "DEN"]
[Source "ChessBase"]
[SourceDate "2015.09.14"]

1. d4 d5 2. c4 dxc4 3. Nf3 Nf6 4. e3 e6 5. Bxc4 a6 6. Qe2 c5 7. dxc5 Bxc5 8. e4
Nc6 9. O-O b5 10. e5 Nd5 11. Bd3 Bb7 12. Nc3 Nd4 13. Nxd4 Bxd4 14. Rd1 1/2-1/2

[Event "37. Copenhagen Open (Politiken Cup)"]
[Site "Elsinore"]
[Date "2015.07.30"]
[Round "7"]
[White "Agovic, Sejfo"]
[Black "Nahnsen, Kenneth"]
[Result "0-1"]
[WhiteElo "1699"]
[BlackElo "1960"]
[PlyCount "105"]
[EventDate "2015.07.25"]
[EventType "swiss"]
[EventRounds "10"]
[EventCountry "DEN"]
[Source "ChessBase"]
[SourceDate "2015.09.14"]

1. e4 e6 2. d3 c5 3. Nf3 Nc6 4. Nc3 d6 5. g3 g6 6. Bg2 Bg7 7. O-O Nge7 8. Be3
Nd4 9. Rb1 O-O 10. Ne2 Nxf3+ 11. Bxf3 f5 12. Bg2 Nc6 13. c3 e5 14. d4 fxe4 15.
Bxe4 d5 16. Bg2 Bf5 17. Rc1 c4 18. Qa4 Bd3 19. Rfe1 e4 20. Qb5 Rf7 21. Nf4 Rd7
22. Bh3 a6 23. Qa4 b5 24. Qd1 Rd6 25. Be6+ Kh8 26. Qg4 Ra7 27. Qh3 Ne7 28. b3
Qb6 29. b4 a5 30. a3 axb4 31. axb4 g5 32. Qh5 Ra8 33. Ra1 Rf8 34. Nxd3 cxd3 35.
Bg4 Ng8 36. Qh3 Qc7 37. Ra3 Rc6 38. Bd2 Rff6 39. Rf1 Qf7 40. Qg2 h5 41. Bd1 g4
42. Ra5 Qd7 43. Bb3 Bh6 44. Bxh6 Nxh6 45. Ra2 e3 46. Bxd5 e2 47. Qe4 exf1=Q+
48. Kxf1 Rc8 49. Qg2 Qe7 50. Kg1 Qe1+ 51. Qf1 Qxc3 52. Ra8 Rxa8 53. Bxa8 0-1